[Event "Autunno Scacchistico A"]
[Site "Venezia ITA"]
[Date "2009.10.31"]
[Round "2"]
[White "Redo, Giorgio"]
[Black "Tonon, Alessandro"]
[Result "0-1"]
[WhiteElo "2126"]
[BlackElo "2265"]
[PlyCount "116"]
[EventDate "2009.10.30"]

1. f4 Nf6 2. Nf3 g6 3. b3 Bg7 4. Bb2 O-O 5. e3 d5 6. Be2 c5 7. O-O Nc6 8. h3 d4
9. Qe1 Nd5 10. Bc4 Nb6 11. Bb5 Nb4 12. Na3 a6 13. Bd3 Nxd3 14. cxd3 dxe3 15.
Bxg7 exd2 16. Qxd2 Kxg7 17. Qc3+ Kg8 18. Qxc5 Be6 19. Nc4 Nd5 20. Ng5 Bf5 21.
Nb2 Rc8 22. Qf2 Qb6 23. Qxb6 Nxb6 24. g4 Bd7 25. Rae1 h6 26. Nf3 Rfe8 27. Ne5
Bc6 28. f5 g5 29. Nbc4 Nd5 30. Na5 Nf4 31. Naxc6 bxc6 32. Rc1 Ne2+ 33. Kf2 Nxc1
34. Rxc1 c5 35. Nd7 Red8 36. Nxc5 Rd5 37. b4 a5 38. a3 axb4 39. axb4 Rd4 40.
Rc4 Rf4+ 41. Ke3 Rb8 42. Ne4 h5 43. Rc7 hxg4 44. hxg4 Kf8 45. Nc5 Rbxb4 46.
Nd7+ Kg7 47. Ne5 Rb5 48. Rxe7 Kf6 49. Nc6 Rc5 50. Rc7 Rxg4 51. d4 Rc3+ 52. Ke2
Rxd4 53. Rxf7+ Kxf7 54. Nxd4 Kf6 55. Kf2 Rd3 56. Ne2 Kxf5 57. Ng1 Kg4 58. Kg2
Rd2+ 0-1

[Event "Autunno Scacchistico A"]
[Site "Venezia ITA"]
[Date "2009.10.31"]
[Round "2"]
[White "Salvador, Roland"]
[Black "Molina, Fabrizio"]
[Result "1-0"]
[WhiteElo "2461"]
[BlackElo "2239"]
[PlyCount "93"]
[EventDate "2009.10.30"]

1. d4 d5 2. Nf3 Nf6 3. c4 dxc4 4. Nc3 a6 5. e3 Bg4 6. Bxc4 e6 7. h3 Bh5 8. g4
Bg6 9. Ne5 Nfd7 10. Nxg6 hxg6 11. Bf1 c6 12. Bg2 Nf6 13. f4 Nbd7 14. Qf3 Qc7
15. Bd2 Be7 16. O-O Nb6 17. Rac1 Nc4 18. Be1 Nb6 19. Ne2 Nbd7 20. e4 Rd8 21. h4
Qb6 22. Bf2 Qxb2 23. Rb1 Qxa2 24. Rxb7 O-O 25. g5 Nh5 26. Nc3 Qd2 27. Ne2 c5
28. Be1 Qa2 29. d5 c4 30. Kh2 Bc5 31. Qg4 Kh7 32. dxe6 fxe6 33. f5 Bd6+ 34. Kh1
Ne5 35. fxg6+ Kxg6 36. Qxe6+ Kh7 37. Qh6+ Kg8 38. Qxh5 Rxf1+ 39. Bxf1 Rf8 40.
Bh3 c3 41. g6 Rf3 42. Qh7+ Kf8 43. Qxg7+ Ke8 44. Qh8+ Rf8 45. g7 Rg8 46. Bxc3
Qc4 47. Qh5+ 1-0

[Event "Autunno Scacchistico A"]
[Site "Venezia ITA"]
[Date "2009.10.31"]
[Round "2"]
[White "Solinas, Carlo"]
[Black "Faccia, Sergio"]
[Result "1/2-1/2"]
[WhiteElo "2045"]
[BlackElo "2023"]
[PlyCount "22"]
[EventDate "2009.10.30"]

1. e4 e5 2. Nf3 Nc6 3. Bc4 Nf6 4. d4 exd4 5. O-O Bc5 6. e5 d5 7. exf6 dxc4 8.
Re1+ Be6 9. Ng5 Qd5 10. Nc3 Qf5 11. Nce4 O-O-O 1/2-1/2

[Event "Autunno Scacchistico A"]
[Site "Venezia ITA"]
[Date "2009.10.31"]
[Round "2"]
[White "Spornberger, Maximilian"]
[Black "Mrdja, Milan"]
[Result "0-1"]
[WhiteElo "2106"]
[BlackElo "2393"]
[PlyCount "70"]
[EventDate "2009.10.30"]

1. d4 g6 2. Bf4 d6 3. e3 Bg7 4. Nf3 Nd7 5. h3 e5 6. Bh2 Nh6 7. Be2 f5 8. c4 Nf7
9. Nc3 c6 10. Rc1 g5 11. dxe5 dxe5 12. b4 Qe7 13. Qb3 Nf8 14. O-O h5 15. Kh1 g4
16. Ng1 Ne6 17. b5 Nc5 18. Qc2 Ng5 19. h4 Nge4 20. Nxe4 fxe4 21. g3 O-O 22. Kg2
Bf5 23. Bd1 Rac8 24. a4 Qf7 25. Qb1 Nd3 26. Rc2 Bg6 27. Rd2 Rfd8 28. c5 Kh7 29.
Bb3 Qe7 30. Rfd1 cxb5 31. axb5 Rxc5 32. Bc2 b6 33. Ne2 Qf7 34. Nc1 Ne1+ 35. Kf1
Nxc2 0-1

[Event "Autunno Scacchistico A"]
[Site "Venezia ITA"]
[Date "2009.10.31"]
[Round "2"]
[White "Tonel, Giulia"]
[Black "Xia, Jie"]
[Result "0-1"]
[WhiteElo "1992"]
[BlackElo "2241"]
[PlyCount "90"]
[EventDate "2009.10.30"]

1. e4 c5 2. Nf3 d6 3. d4 cxd4 4. Qxd4 a6 5. Be3 Nc6 6. Qb6 Qxb6 7. Bxb6 Nf6 8.
Nc3 Bg4 9. Be2 e6 10. O-O-O Rc8 11. h3 Bxf3 12. gxf3 Be7 13. f4 O-O 14. Kb1 Nd7
15. Be3 Na5 16. Bf3 Nc4 17. Bc1 Na3+ 18. bxa3 Rxc3 19. Bg2 Rfc8 20. Rd2 Nb6 21.
Rg1 Na4 22. Bf1 R3c6 23. e5 dxe5 24. fxe5 Rb6+ 25. Ka1 Nc3 26. Bb2 Bxa3 27.
Bxc3 Rxc3 28. Rd8+ Bf8 29. Bd3 g6 30. h4 Kg7 31. h5 Bb4 32. hxg6 hxg6 33. Rb1
Rc7 34. Rb3 Bc3+ 35. Kb1 Rxb3+ 36. cxb3 Bxe5 37. Be4 b6 38. Rb8 Bd4 39. f3 Kf6
40. Rb7 Rc8 41. Bc2 Rh8 42. Kc1 Rh2 43. Kd1 Rf2 44. Rd7 Bc5 45. Rd3 Ke5 0-1

[Event "Autunno Scacchistico A"]
[Site "Venezia ITA"]
[Date "2009.10.31"]
[Round "2"]
[White "Vianello, Enrico"]
[Black "Aleksic, Nenad"]
[Result "1/2-1/2"]
[WhiteElo "2200"]
[BlackElo "2374"]
[PlyCount "67"]
[EventDate "2009.10.30"]

1. d4 Nf6 2. Bf4 b6 3. e3 e6 4. Nf3 Ba6 5. Bxa6 Nxa6 6. O-O Be7 7. h3 O-O 8.
Qe2 Nb8 9. Nbd2 c5 10. c3 Nc6 11. Nc4 cxd4 12. cxd4 d6 13. Rac1 Rc8 14. Ncd2
Qd7 15. a3 Qb7 16. b4 b5 17. Nb3 a6 18. Bg5 Nd5 19. e4 Nf6 20. Rfd1 Rfe8 21.
Bxf6 Bxf6 22. e5 Be7 23. exd6 Bxd6 24. Nc5 Qa8 25. Ng5 h6 26. Nge4 Be7 27. Nc3
Rcd8 28. Nb3 Rd7 29. Qe4 Rd6 30. Qf3 Red8 31. Ne4 Rd5 32. Nc3 R5d6 33. Ne4 Rd5
34. Nc3 1/2-1/2

[Event "Autunno Scacchistico A"]
[Site "Venezia ITA"]
[Date "2009.10.31"]
[Round "2"]
[White "Vincenzi, Marco"]
[Black "Locci, Damiano"]
[Result "1/2-1/2"]
[WhiteElo "2078"]
[BlackElo "2136"]
[PlyCount "89"]
[EventDate "2009.10.30"]

1. e4 e6 2. d4 d5 3. Nc3 Bb4 4. e5 c5 5. a3 Bxc3+ 6. bxc3 Qc7 7. Nf3 b6 8. Bb5+
Bd7 9. Bd3 h6 10. a4 Nc6 11. O-O Nge7 12. Ba3 Na5 13. Qd2 O-O 14. Qe3 Nf5 15.
Bxf5 Nc4 16. Qf4 exf5 17. Bc1 Rae8 18. Qg3 Kh8 19. Qh4 Qc6 20. Re1 Qg6 21. Bf4
Qh7 22. Qh5 g5 23. e6 Bxe6 24. Be5+ f6 25. Bxf6+ Kg8 26. Bxg5 Kg7 27. Bf4 Bf7
28. Qh4 Re4 29. Qg3+ Qg6 30. Be5+ Nxe5 31. Nxe5 Qxg3 32. hxg3 cxd4 33. Rxe4
dxe4 34. cxd4 Rc8 35. a5 b5 36. Rb1 a6 37. Rb2 Rc7 38. Kf1 Rc3 39. Ke1 Ra3 40.
Nc6 Ra1+ 41. Kd2 Rf1 42. Ke3 Re1+ 43. Kd2 Rf1 44. Ke3 Re1+ 45. Kd2 1/2-1/2

[Event "Autunno Scacchistico A"]
[Site "Venezia ITA"]
[Date "2009.10.31"]
[Round "3"]
[White "Capaliku, Aleks"]
[Black "Pechy, Alaster"]
[Result "1-0"]
[WhiteElo "2084"]
[BlackElo "2186"]
[PlyCount "131"]
[EventDate "2009.10.30"]

1. f4 Nf6 2. Nf3 g6 3. e3 Bg7 4. d4 O-O 5. Bd3 d6 6. O-O Nc6 7. c3 e5 8. e4
exd4 9. cxd4 Bg4 10. Be3 Nb4 11. Nc3 Nxd3 12. Qxd3 c6 13. h3 Bc8 14. g4 h5 15.
g5 Nxe4 16. Nxe4 Bxh3 17. Ng3 Bxf1 18. Rxf1 c5 19. f5 cxd4 20. Bxd4 Bxd4+ 21.
Qxd4 Qb6 22. Ne4 d5 23. Nf6+ Kh8 24. Qxb6 axb6 25. Ne5 Kg7 26. Nfd7 Rfd8 27.
fxg6 Rxd7 28. Nxd7 Kxg6 29. a3 Kxg5 30. Rxf7 Ra5 31. Rf3 d4 32. Nxb6 Rb5 33.
Nc4 h4 34. Rd3 Rd5 35. Ne3 Re5 36. Nd1 Re4 37. Nf2 Re2 38. Rb3 Re7 39. Rd3 Rd7
40. Kg2 Kf4 41. Rf3+ Ke5 42. Nd3+ Kd5 43. Kf2 Rh7 44. Ke2 b6 45. Nf2 Rg7 46.
Rh3 Kc4 47. b3+ Kb5 48. Rxh4 Rg3 49. Rh3 Rg1 50. Kd3 Ra1 51. Rh5+ Ka6 52. a4
Rf1 53. Rf5 Rb1 54. Rb5 Rf1 55. Ne4 Rd1+ 56. Nd2 Rh1 57. Kxd4 Rh4+ 58. Ne4 Rg4
59. Re5 Rh4 60. Kc4 Rg4 61. Kb4 Rh4 62. a5 bxa5+ 63. Rxa5+ Kb6 64. Re5 Rg4 65.
Ka4 Rh4 66. b4 1-0

[Event "Autunno Scacchistico A"]
[Site "Venezia ITA"]
[Date "2009.10.31"]
[Round "3"]
[White "Dinter, Brian"]
[Black "Mileto, Gabriele"]
[Result "1-0"]
[WhiteElo "2118"]
[BlackElo "2192"]
[PlyCount "125"]
[EventDate "2009.10.30"]

1. d4 g6 2. Nf3 Bg7 3. Bf4 d6 4. e3 Nf6 5. h3 O-O 6. Be2 c5 7. c3 cxd4 8. exd4
Nc6 9. O-O Re8 10. d5 Ne5 11. Qb3 Ned7 12. a4 Nc5 13. Qa2 Bd7 14. Bb5 a6 15.
Bxd7 Qxd7 16. Nd4 Rac8 17. Nd2 Nd3 18. Be3 Qc7 19. Rad1 Ne5 20. c4 Nfd7 21. b3
Qa5 22. Qb1 Nf6 23. f4 Ned7 24. N2f3 Qc3 25. Rd3 Qb4 26. Bd2 Qb6 27. Be3 Qc7
28. Rd2 Nh5 29. Re1 Nc5 30. g4 Nf6 31. Bf2 a5 32. Rde2 Qd7 33. Kg2 e6 34. dxe6
fxe6 35. Rd1 d5 36. Ne5 Qc7 37. Nb5 Qb8 38. Bxc5 Rxc5 39. cxd5 Rxd5 40. Rc1
Red8 41. Qc2 Ne8 42. Rce1 g5 43. Nf3 Qxf4 44. Qc4 Qxc4 45. bxc4 Rd1 46. Rxd1
Rxd1 47. Rxe6 Kf8 48. Nxg5 h6 49. Ne4 Rc1 50. Kf3 Ra1 51. Nc5 Rf1+ 52. Kg2 Rf7
53. Rxe8+ Kxe8 54. Nd6+ Ke7 55. Nxf7 Kxf7 56. Nxb7 Bc3 57. Kf3 Ke6 58. Ke4 Be1
59. c5 Bb4 60. Kd4 Kd7 61. Kd5 Kc7 62. c6 Be1 63. Kc5 1-0

[Event "Autunno Scacchistico A"]
[Site "Venezia ITA"]
[Date "2009.10.31"]
[Round "3"]
[White "Faccia, Sergio"]
[Black "Redo, Giorgio"]
[Result "1-0"]
[WhiteElo "2023"]
[BlackElo "2126"]
[PlyCount "57"]
[EventDate "2009.10.30"]

1. e4 c5 2. b4 e5 3. Nf3 Nc6 4. b5 Nd4 5. Nxe5 Qe7 6. Nc4 d5 7. Ne3 Qxe4 8. Bd3
Qe5 9. O-O c4 10. Nxc4 Qc7 11. Re1+ Be6 12. Ne3 Nh6 13. c3 Qf4 14. cxd4 Qxd4
15. Qb3 Qe5 16. Bb2 d4 17. Bc4 Ng4 18. f4 Qe4 19. d3 Bxc4 20. dxe4 Nxe3 21. Qa4
Bc5 22. b6+ Ke7 23. Rxe3 dxe3 24. Qxc4 Rac8 25. Nc3 Rhd8 26. Nd5+ Ke8 27. bxa7
Rc6 28. Bd4 Bxa7 29. Qa4 1-0

[Event "Autunno Scacchistico A"]
[Site "Venezia ITA"]
[Date "2009.10.31"]
[Round "3"]
[White "Gerola, Fausto"]
[Black "Gastiaburo, Hernan"]
[Result "1/2-1/2"]
[WhiteElo "2174"]
[BlackElo "2251"]
[PlyCount "130"]
[EventDate "2009.10.30"]

1. e4 c5 2. Nf3 e6 3. d4 cxd4 4. Nxd4 Nf6 5. Bd3 d6 6. O-O Be7 7. c4 O-O 8. Nc3
a6 9. h3 b6 10. f4 Bb7 11. Be3 Re8 12. Rc1 Nbd7 13. b4 Rc8 14. a3 Bf8 15. Nf3
g6 16. Qe2 Rb8 17. Qf2 Ba8 18. Rcd1 Qc7 19. Bd4 Nh5 20. Nh2 e5 21. fxe5 Nxe5
22. Be2 Ng7 23. Bxe5 dxe5 24. Ng4 Nh5 25. g3 Bg7 26. Ne3 Nf6 27. Ned5 Bxd5 28.
Nxd5 Nxd5 29. cxd5 Rf8 30. Rc1 Qd7 31. Kg2 f5 32. Qe3 f4 33. Qd3 Bh6 34. Rc6
fxg3 35. Qxg3 Bf4 36. Qg4 Qg7 37. Bxa6 Qa7 38. b5 Kg7 39. Rf3 Rf7 40. Rfc3 Qe7
41. d6 Qf8 42. d7 Rd8 43. Bc8 Rf6 44. h4 h5 45. Qd1 Qe7 46. Qe1 Rd6 47. Rxd6
Qxd6 48. Rf3 Qe6 49. Qf2 Qg4+ 50. Kf1 Kh6 51. a4 Qe6 52. Kg2 Qg4+ 53. Kf1 Qe6
54. Kg2 Rxc8 55. dxc8=Q Qxc8 56. Rxf4 exf4 57. Qxf4+ Kg7 58. Kf3 Qc3+ 59. Qe3
Qf6+ 60. Kg3 Qe5+ 61. Kg2 Kh7 62. Kf3 Qf6+ 63. Kg3 Qe5+ 64. Kf3 Qf6+ 65. Qf4
Qc3+ 1/2-1/2

[Event "Autunno Scacchistico A"]
[Site "Venezia ITA"]
[Date "2009.10.31"]
[Round "3"]
[White "Giuriati, Paolo"]
[Black "Solinas, Carlo"]
[Result "1-0"]
[WhiteElo "2224"]
[BlackElo "2045"]
[PlyCount "63"]
[EventDate "2009.10.30"]

1. d4 Nf6 2. Bf4 g6 3. e3 Bg7 4. c4 O-O 5. Nc3 d6 6. h3 c5 7. Nf3 b6 8. Be2 Bb7
9. O-O Nbd7 10. a3 Rc8 11. d5 Ne8 12. e4 Ne5 13. Nd2 Ra8 14. Be3 f6 15. f4 Nf7
16. Nf3 Nc7 17. Qd2 Bc8 18. Bd3 Bd7 19. Bf2 a6 20. b4 Qc8 21. bxc5 bxc5 22. Bg3
Rb8 23. Qc2 Na8 24. Rae1 Qb7 25. e5 dxe5 26. fxe5 fxe5 27. Ne4 Qa7 28. Nfg5 Nd6
29. Nxd6 exd6 30. Bxg6 Be8 31. Bxe8 e4 32. Bf7+ 1-0

[Event "Autunno Scacchistico A"]
[Site "Venezia ITA"]
[Date "2009.10.31"]
[Round "3"]
[White "Locci, Damiano"]
[Black "Tonel, Giulia"]
[Result "1-0"]
[WhiteElo "2136"]
[BlackElo "1992"]
[PlyCount "73"]
[EventDate "2009.10.30"]

1. c4 Nf6 2. Nc3 g6 3. e4 d6 4. d4 Bg7 5. Nf3 O-O 6. Be2 e5 7. O-O Nc6 8. d5
Ne7 9. Nd2 Ne8 10. b4 f5 11. c5 Nf6 12. f3 f4 13. a4 g5 14. Ba3 h5 15. a5 g4
16. Nc4 Ng6 17. b5 g3 18. h3 Ne8 19. Re1 Nh4 20. Bf1 Rf6 21. b6 Rg6 22. bxc7
Qg5 23. Nxd6 Nxd6 24. cxd6 Bxh3 25. Ra2 Nxf3+ 26. gxf3 g2 27. Bb5 Qh4 28. Ree2
Rg3 29. Rxg2 Bxg2 30. Rxg2 Rh3 31. Kf1 Rh1+ 32. Ke2 Rxd1 33. Nxd1 Qh3 34. Rxg7+
Kxg7 35. d7 Rg8 36. d8=Q Kh7 37. Qd7+ 1-0

[Event "Autunno Scacchistico A"]
[Site "Venezia ITA"]
[Date "2009.10.31"]
[Round "3"]
[White "Maccapan, Fabio"]
[Black "Pagnutti, Lorenzo"]
[Result "1/2-1/2"]
[WhiteElo "2052"]
[BlackElo "2107"]
[PlyCount "79"]
[EventDate "2009.10.30"]

1. c4 Nf6 2. Nc3 g6 3. g3 Bg7 4. Bg2 O-O 5. Nf3 d6 6. O-O Nc6 7. d3 Bd7 8. Rb1
Qc8 9. Nd5 Nxd5 10. cxd5 Nd8 11. Be3 c5 12. dxc6 Nxc6 13. Qd2 Bh3 14. Rfc1 Bxg2
15. Kxg2 Qe6 16. b4 a6 17. Bh6 Rfc8 18. Bxg7 Kxg7 19. Rc2 f6 20. Rbc1 g5 21. h4
g4 22. Ne1 Nd4 23. Rxc8 Rxc8 24. Rxc8 Qxc8 25. e3 Qc6+ 26. Kg1 Qc1 27. Qxc1
Ne2+ 28. Kg2 Nxc1 29. a3 f5 30. f4 Kf6 31. Kf2 d5 32. e4 e6 33. e5+ Ke7 34. Ke3
Nb3 35. Nc2 Kd7 36. Nd4 Nxd4 37. Kxd4 Kc6 38. a4 Kb6 39. Kc3 Kc6 40. Kd4
1/2-1/2

[Event "Autunno Scacchistico A"]
[Site "Venezia ITA"]
[Date "2009.10.31"]
[Round "3"]
[White "Molina, Fabrizio"]
[Black "Bianchi, Andrea"]
[Result "1-0"]
[WhiteElo "2239"]
[BlackElo "2152"]
[PlyCount "59"]
[EventDate "2009.10.30"]

1. Nf3 d5 2. c4 e6 3. g3 Nf6 4. Bg2 Be7 5. O-O O-O 6. d4 dxc4 7. Na3 Bxa3 8.
bxa3 Bd7 9. Ne5 Bc6 10. Nxc6 Nxc6 11. e3 Nd5 12. Qc2 Nb6 13. Rb1 Qd7 14. Rd1
Rfd8 15. Bb2 a5 16. Ba1 a4 17. Qc3 f6 18. h4 Na5 19. e4 Ra6 20. Kh2 Nc8 21. d5
e5 22. Bh3 Qe7 23. f4 exf4 24. Be6+ Kh8 25. gxf4 Nd6 26. e5 Ne8 27. Qb4 c5 28.
dxc6 Qxb4 29. axb4 Rxd1 30. Rxd1 1-0

[Event "Autunno Scacchistico A"]
[Site "Venezia ITA"]
[Date "2009.10.31"]
[Round "3"]
[White "Mrdja, Milan"]
[Black "Gromovs, Sergejs"]
[Result "0-1"]
[WhiteElo "2393"]
[BlackElo "2268"]
[PlyCount "59"]
[EventDate "2009.10.30"]

1. e4 c5 2. Nf3 d6 3. c3 Nf6 4. Be2 Nc6 5. d4 cxd4 6. cxd4 Nxe4 7. d5 Qa5+ 8.
Nc3 Nxc3 9. bxc3 Ne5 10. O-O Nxf3+ 11. Bxf3 Bf5 12. Qb3 Qc7 13. c4 b6 14. Bb2
f6 15. Rfe1 Kf7 16. g4 Bd7 17. Re4 Rb8 18. a4 g6 19. Rae1 Re8 20. Qe3 Qd8 21.
a5 bxa5 22. Bd4 a4 23. Bxa7 Qc8 24. Bd4 Rg8 25. Kh1 g5 26. c5 dxc5 27. Bxc5 e5
28. dxe6+ Rxe6 29. Rxe6 Bxe6 30. Rc1 0-1

[Event "Autunno Scacchistico A"]
[Site "Venezia ITA"]
[Date "2009.10.31"]
[Round "3"]
[White "Omeri, Silvan"]
[Black "Ceccarini, Marco"]
[Result "1-0"]
[WhiteElo "2113"]
[BlackElo "2087"]
[PlyCount "45"]
[EventDate "2009.10.30"]

1. e4 e5 2. Nf3 Nc6 3. Bb5 a6 4. Ba4 Nf6 5. O-O Nxe4 6. d4 b5 7. Bb3 d5 8. dxe5
Be6 9. a4 Nc5 10. axb5 Nxb3 11. cxb3 axb5 12. Rxa8 Qxa8 13. Nc3 Na7 14. Nd4 Be7
15. Nxe6 fxe6 16. Qg4 b4 17. Qxg7 Kd7 18. Nxd5 exd5 19. e6+ Kc6 20. Qxe7 Qe8
21. Qxb4 Rf8 22. Bf4 Nb5 23. Rc1+ 1-0

[Event "Autunno Scacchistico A"]
[Site "Venezia ITA"]
[Date "2009.10.31"]
[Round "3"]
[White "Quaranta, Cristiano"]
[Black "Barletta, Mauro"]
[Result "1/2-1/2"]
[WhiteElo "2127"]
[BlackElo "2212"]
[PlyCount "108"]
[EventDate "2009.10.30"]

1. Nf3 d5 2. d4 Nc6 3. Bf4 Bg4 4. e3 e6 5. c4 Bb4+ 6. Nc3 Nf6 7. Be2 Ne4 8. Rc1
O-O 9. O-O Bxc3 10. bxc3 Na5 11. cxd5 exd5 12. h3 Bxf3 13. Bxf3 Re8 14. Be2 c6
15. Bd3 b5 16. Qc2 Qh4 17. f3 Nf6 18. Kh2 Nc4 19. g3 Qh5 20. g4 Qh4 21. Rce1 g5
22. Bg3 Qh6 23. Qc1 Re7 24. Re2 Rae8 25. Rfe1 Nd7 26. e4 Qf6 27. e5 Qg7 28. f4
h6 29. f5 f6 30. Bxc4 dxc4 31. e6 Nb6 32. Qa3 Nd5 33. Bd6 h5 34. Bxe7 Rxe7 35.
Kg1 Qf8 36. Qd6 Nxc3 37. Rg2 h4 38. Qxc6 Qd8 39. Rd2 Qd5 40. Qxd5 Nxd5 41. Rb1
Rb7 42. Rc2 c3 43. Kf2 Kf8 44. Ke2 b4 45. Kd3 Ke7 46. Rh2 Kd6 47. Rb3 a5 48. a3
Nf4+ 49. Ke4 Rc7 50. Rc2 Nd5 51. axb4 axb4 52. Kd3 Nf4+ 53. Ke4 Nd5 54. Kd3
Nf4+ 1/2-1/2

[Event "Autunno Scacchistico A"]
[Site "Venezia ITA"]
[Date "2009.10.31"]
[Round "3"]
[White "Sanchez, Joseph"]
[Black "Vianello, Enrico"]
[Result "1-0"]
[WhiteElo "2463"]
[BlackElo "2200"]
[PlyCount "67"]
[EventDate "2009.10.30"]

1. e4 d6 2. d4 Nf6 3. Nc3 e5 4. Nf3 Nbd7 5. g4 g6 6. g5 Nh5 7. Be3 Bg7 8. Qd2
O-O 9. O-O-O c6 10. Ne2 Nb6 11. b3 Bg4 12. Bg2 Qe7 13. h3 Be6 14. Kb1 exd4 15.
Bxd4 Bxd4 16. Nfxd4 d5 17. Rhe1 Rad8 18. e5 c5 19. Nb5 d4 20. Bf3 Ng7 21. Ng3
Nf5 22. Ne4 Nd5 23. Nf6+ Kh8 24. Bxd5 Bxd5 25. Nd6 Rxd6 26. exd6 Qxd6 27. Nxd5
Qxd5 28. Qf4 Kg8 29. Re5 Qc6 30. Rde1 a5 31. Qe4 Qb5 32. Re8 Qd7 33. Rxf8+ Kxf8
34. Qe5 1-0

[Event "Autunno Scacchistico A"]
[Site "Venezia ITA"]
[Date "2009.10.31"]
[Round "3"]
[White "Sgnaolin, Davide"]
[Black "Alberti, Andrea"]
[Result "1/2-1/2"]
[WhiteElo "2213"]
[BlackElo "2133"]
[PlyCount "36"]
[EventDate "2009.10.30"]

1. e4 c5 2. c3 Nf6 3. e5 Nd5 4. d4 cxd4 5. Nf3 e6 6. cxd4 d6 7. Bc4 Nb6 8. Bd3
Bd7 9. Nc3 Bc6 10. O-O N8d7 11. Re1 dxe5 12. Nxe5 Nf6 13. Nxc6 bxc6 14. Qf3
Nbd5 15. Bg5 Be7 16. Rad1 O-O 17. Bb1 Rb8 18. Na4 Re8 1/2-1/2

[Event "Autunno Scacchistico A"]
[Site "Venezia ITA"]
[Date "2009.10.31"]
[Round "3"]
[White "Spornberger, Maximilian"]
[Black "Vincenzi, Marco"]
[Result "1/2-1/2"]
[WhiteElo "2106"]
[BlackElo "2078"]
[PlyCount "77"]
[EventDate "2009.10.30"]

1. d4 Nf6 2. Bf4 d6 3. e3 c5 4. c3 cxd4 5. exd4 e6 6. Nf3 Be7 7. h3 O-O 8. Nbd2
Nbd7 9. Be2 a6 10. a4 Nd5 11. Bh2 N7f6 12. O-O Bd7 13. Qb3 b5 14. axb5 axb5 15.
Ra2 Qb6 16. Rfa1 Ra4 17. Ng5 Rfa8 18. Nge4 Rxa2 19. Rxa2 Rxa2 20. Qxa2 Ne8 21.
g4 Bc6 22. Bf3 Qb7 23. Kg2 g6 24. g5 Kg7 25. Qa3 b4 26. Qb3 bxc3 27. Qxb7 Bxb7
28. bxc3 Nb6 29. h4 Bxe4 30. Bxe4 d5 31. Bd3 f6 32. gxf6+ Bxf6 33. Bb5 Kf7 34.
Nf3 Ng7 35. Bc7 Nc4 36. Bxc4 dxc4 37. Bg3 Nf5 38. Kh3 Ne7 39. Nd2 1/2-1/2

[Event "Autunno Scacchistico A"]
[Site "Venezia ITA"]
[Date "2009.10.31"]
[Round "3"]
[White "Tonon, Alessandro"]
[Black "Dragojlovic, Andjelko"]
[Result "0-1"]
[WhiteElo "2265"]
[BlackElo "2402"]
[PlyCount "127"]
[EventDate "2009.10.30"]

1. Nf3 g6 2. g3 Nf6 3. Bg2 Bg7 4. O-O O-O 5. d4 d5 6. c4 c6 7. cxd5 cxd5 8. Ne5
Nc6 9. Nc3 e6 10. Bf4 Bd7 11. Nxc6 Bxc6 12. Be5 Qe7 13. Qd2 Rfc8 14. Rfd1 Bf8
15. a3 a5 16. b3 b5 17. a4 bxa4 18. Nxa4 Nd7 19. Bf4 Qb4 20. Qb2 Bg7 21. e3 Qb7
22. g4 Bxa4 23. Rxa4 Nc5 24. Ra3 a4 25. b4 Nb3 26. Rxb3 axb3 27. Qxb3 Bf8 28.
b5 Qb6 29. Rb1 Ra3 30. Qb2 Rc4 31. Bf1 Rc8 32. Kg2 Raa8 33. h3 Bd6 34. Bxd6
Qxd6 35. h4 h6 36. Bd3 Qa3 37. Be2 Qxb2 38. Rxb2 Kf8 39. g5 hxg5 40. hxg5 Ke7
41. Kg3 Kd6 42. Kf4 Ra4 43. Kg3 Ra3 44. Kf4 Rca8 45. Rc2 Ra2 46. Rc6+ Kd7 47.
Kf3 Rb2 48. Ra6 Rc8 49. b6 Rcc2 50. Ra7+ Kc6 51. Rc7+ Kxb6 52. Rxc2 Rxc2 53.
Bd3 Rd2 54. Bb1 Kb5 55. Kf4 Rxf2+ 56. Ke5 Kc6 57. e4 dxe4 58. Bxe4+ Kd7 59. Bd3
Ke7 60. Bb1 Re2+ 61. Be4 Re1 62. Kf4 Kd6 63. Bf3 Rf1 64. Ke4 0-1

[Event "Autunno Scacchistico A"]
[Site "Venezia ITA"]
[Date "2009.10.31"]
[Round "3"]
[White "Trangoni, Bruno"]
[Black "Bonagura, Stefano"]
[Result "1-0"]
[WhiteElo "2015"]
[BlackElo "2086"]
[PlyCount "37"]
[EventDate "2009.10.30"]

1. Nf3 d5 2. d4 Nf6 3. Bf4 e6 4. e3 c5 5. c3 Nc6 6. Bd3 Be7 7. Nbd2 O-O 8. h3
b6 9. O-O Bb7 10. Ne5 a6 11. Rc1 b5 12. Ndf3 Nd7 13. Bb1 Ncxe5 14. Nxe5 Re8 15.
Bxh7+ Kxh7 16. Qh5+ Kg8 17. Qxf7+ Kh7 18. Qg6+ Kg8 19. Qxe6+ 1-0

[Event "Autunno Scacchistico A"]
[Site "Venezia ITA"]
[Date "2009.10.31"]
[Round "3"]
[White "Vuelban, Virgilio"]
[Black "Salvador, Roland"]
[Result "0-1"]
[WhiteElo "2405"]
[BlackElo "2461"]
[PlyCount "78"]
[EventDate "2009.10.30"]

1. e4 c5 2. d4 cxd4 3. c3 Nf6 4. e5 Nd5 5. Nf3 Nc6 6. cxd4 d6 7. Bc4 Nb6 8. Bb5
dxe5 9. Nxe5 Bd7 10. Bxc6 Bxc6 11. Nxc6 bxc6 12. O-O e6 13. Qg4 Qd7 14. Nc3 Rd8
15. Be3 f5 16. Qe2 Be7 17. Bf4 O-O 18. Rfe1 Rf6 19. Rad1 Rg6 20. Qa6 Bb4 21.
Be5 Bxc3 22. bxc3 Qd5 23. g3 Nc4 24. Qxa7 h5 25. Qe7 Rd7 26. Qe8+ Kh7 27. Bf4
h4 28. Rb1 h3 29. Kf1 Ra7 30. Rb8 Qg2+ 31. Ke2 Rxa2+ 32. Kd3 Nb2+ 33. Kc2 Nd1+
34. Kb1 Nxc3+ 35. Kc1 Ra1+ 36. Kb2 Qxf2+ 37. Kxc3 Ra3+ 38. Kb4 Qb2+ 39. Kc5
Qc3+ 0-1

[Event "Autunno Scacchistico A"]
[Site "Venezia ITA"]
[Date "2009.10.31"]
[Round "3"]
[White "Xia, Jie"]
[Black "Aleksic, Nenad"]
[Result "0-1"]
[WhiteElo "2241"]
[BlackElo "2374"]
[PlyCount "124"]
[EventDate "2009.10.30"]

1. e4 c5 2. Nf3 d6 3. d4 cxd4 4. Nxd4 Nf6 5. Nc3 a6 6. Be3 e6 7. Be2 Nbd7 8. f4
Qc7 9. Bf3 h6 10. O-O e5 11. Nde2 b5 12. a4 b4 13. Nd5 Nxd5 14. exd5 g6 15. c3
bxc3 16. Rc1 Bg7 17. Nxc3 Qb8 18. Ne4 O-O 19. f5 gxf5 20. Nxd6 Qxd6 21. Rc6 Qb4
22. Bxh6 Bxh6 23. Rxh6 Qd4+ 24. Qxd4 exd4 25. Rh4 d3 26. Re1 a5 27. Re3 Kg7 28.
Rxd3 Ne5 29. Rc3 Rd8 30. Rd4 Bb7 31. Rc5 Rd6 32. Be2 Nd7 33. Rc7 Ba6 34. Bf3
Rb8 35. Rc6 Rb6 36. Rf4 Bd3 37. Rxd6 Rxd6 38. b4 axb4 39. Rxb4 Ne5 40. Rd4 Bc4
41. Bd1 Kf6 42. Bc2 Rd7 43. h3 Bxd5 44. Rf4 Be6 45. Bxf5 Rd1+ 46. Kh2 Kg5 47.
Bc2 Rd2 48. Re4 Ng4+ 49. hxg4 Rxc2 50. a5 Ra2 51. Re5+ Kxg4 52. Rb5 f5 53. Re5
Bc4 54. Re3 Bd5 55. Rg3+ Kf4 56. Rg7 Rxa5 57. Kg1 Ra1+ 58. Kf2 Ra2+ 59. Kg1
Rxg2+ 60. Rxg2 Bxg2 61. Kxg2 Ke3 62. Kf1 Kf3 0-1

[Event "Autunno Scacchistico A"]
[Site "Venezia ITA"]
[Date "2009.10.31"]
[Round "3"]
[White "Zoldan, Matteo"]
[Black "Golubovic, Boris"]
[Result "0-1"]
[WhiteElo "2190"]
[BlackElo "2381"]
[PlyCount "140"]
[EventDate "2009.10.30"]

1. e4 d6 2. d4 Nf6 3. Nc3 e5 4. Nf3 Nbd7 5. Bc4 Be7 6. O-O O-O 7. Re1 c6 8. a4
a5 9. b3 exd4 10. Nxd4 Nb6 11. Bf1 d5 12. e5 Ne8 13. Qh5 g6 14. Qh6 Ng7 15. Bd3
Nd7 16. Nf3 Re8 17. Bg5 Nf8 18. Rad1 Bg4 19. Bxe7 Qxe7 20. Qf4 Bxf3 21. Qxf3
Nd7 22. Qg3 Nh5 23. Qe3 Qxe5 24. Qd2 Qf4 25. g3 Qxd2 26. Rxe8+ Rxe8 27. Rxd2
Re1+ 28. Kg2 Nc5 29. Be2 Nf6 30. f3 Ra1 31. Bd1 h5 32. Kf2 Ne6 33. h4 Kf8 34.
Ne2 Ke7 35. Ke3 b5 36. axb5 cxb5 37. Nd4 b4 38. Nb5 a4 39. bxa4 Rxa4 40. Be2
Ra8 41. Rd1 Ra2 42. Bd3 Nd7 43. Rb1 Ra4 44. Rb2 Ne5 45. Rb1 Nc6 46. Be2 Ra2 47.
Bd3 Ra5 48. Be2 Kd7 49. Rd1 Ne7 50. g4 Kc6 51. Nd4+ Kd6 52. Nb3 Ra8 53. Nd4
Ra3+ 54. Bd3 Nxd4 55. Kxd4 Nc6+ 56. Ke3 Ne5 57. Rb1 Kc5 58. gxh5 gxh5 59. Ke2
Nxd3 60. cxd3 b3 61. Ke3 Kb4 62. Kd4 Ra2 63. Re1 b2 64. Rb1 Kb3 65. Kxd5 Ra1
66. Rxb2+ Kxb2 67. Ke5 Kc3 68. d4 Re1+ 69. Kf6 Kxd4 70. Kxf7 Rh1 0-1

[Event "Autunno Scacchistico A"]
[Site "Venezia ITA"]
[Date "2009.11.01"]
[Round "4"]
[White "Alberti, Andrea"]
[Black "Tonon, Alessandro"]
[Result "0-1"]
[WhiteElo "2133"]
[BlackElo "2265"]
[PlyCount "38"]
[EventDate "2009.10.30"]

1. d4 Nf6 2. c4 e6 3. Nf3 b6 4. g3 Ba6 5. b3 Bb4+ 6. Bd2 Be7 7. Bg2 c6 8. O-O
d5 9. Nc3 Nbd7 10. Re1 O-O 11. e4 dxc4 12. d5 cxd5 13. exd5 Nxd5 14. Nxd5 exd5
15. Bc3 Bf6 16. Ne5 Rc8 17. Bh3 Rc7 18. Qxd5 Nxe5 19. Qxd8 Nf3+ 0-1